Логически тестове (Запис номер 325817)
[ съкратено ]
| 000 -Лидер | |
|---|---|
| Контролно поле с фиксирана дължина | 01202nam a2200301 a 4500 |
| 003 - Код на организацията, давaща контролен номер | |
| Контролно поле | BLK |
| 005 - Дата и час на последна редакция | |
| Контролно поле | 20230805005233.0 |
| 008 - Елементи от данни с фиксирана дължина | |
| fixed length control field | 181101b bu ||||| |||| 00| 0 bu d |
| 020 ## - Международен стандартен номер на книга ISBN | |
| Международен стандартен номер на книга ISBN | 978-619-195-089-8 |
| 040 ## - Източник на каталожния запис | |
| Идентификатор на билиотеката - собственик на записа | BLK |
| 041 ## - Код за език | |
| Код за езика на текст/звукозапис или на отделно заглавие | Български |
| Код за езика КДБФ | Български |
| 080 ## - УДК | |
| Текстов определител УДК | Висши психически процеси |
| УДК код - определител по УДК | 159.95 |
| УДК - код + определител | 159.95 |
| 100 ## - Редна дума - Автор | |
| Автор | Дедопулос, Тим |
| Авторска отговорност | първи автор |
| R(LIN) | 1299 |
| 245 ## - Сведения за заглавието | |
| Заглавие | Логически тестове |
| Подзаглавни данни | предизвикайте мозъка си с 200 логически теста |
| Редно поле (дума) | Тим Дедопулос |
| 260 ## - Област на издателските данни | |
| 9 (RLIN) | 214104 |
| Място на издаване, разпространение и проч. | София |
| Име на издателя, разпространителя и проч. | Книгомания |
| Година на издаване | 2016 |
| 300 ## - Физическа характеристика | |
| Страници | 144 с. |
| Илюстрации и др. | с цв. ил. |
| Размери/Мащаб | 24 см |
| 380 ## - Жанр | |
| Жанр | Философия |
| 500 ## - Общи забележки | |
| Забележка | Ориг. загл.: Logic tests<br/>Името на прев. отбелязано на гърба на предзагл. с. |
| 610 #0 - Име на колективен орган, използвано като предмет | |
| 9 (RLIN) | 390389 |
| Наименование на организация или юридическо лице, използвана като редна дума | Mensa. Световна организация на хората с висок IQ |
| 650 #0 - Допълнително описание по предмет – тема | |
| 9 (RLIN) | 295401 |
| Основно описание – тема или топоним | Интелект - тестове |
| 700 ## - Други автори (авторска отговорност) | |
| Лично име | Велчев, Камен Петков |
| Дати, свързани с автора | 1974 - |
| 9 (RLIN) | 333727 |
| 852 ## - Местоположение | |
| Форматна сигнатура | Цб 291132 |
| Фондова буква | Хранилище |
| 999 ## - СИСТЕМНИ КОНТРОЛНИ НОМЕРА | |
| Koha biblionumber | 325817 |
| Koha biblioitemnumber | 325817 |
| 942 ## - АРТИКУЛИ | |
| Вид на библиотечния материал | Книги |
| Скрит в OPAC | Не |
| 945 ## - КОМПЛЕКТУВАНЕ - допълнителна информация | |
| Начин на доставка | Депозит |
| Вид съпроводит.док-т | Депозитен списък |
| 999 ## - СИСТЕМНИ КОНТРОЛНИ НОМЕРА | |
| Koha biblioitemnumber | 325817 |
| 999 ## - СИСТЕМНИ КОНТРОЛНИ НОМЕРА | |
| Koha biblioitemnumber | 325817 |
| 944 ## - СЪЗДАВАНЕ И РЕДАКЦИЯ на ЗАПИСА | |
| Служител, извършил регистрацията/редакцията | |
| Статус, дата на статуса | CRON CRON |
| Код за отписване | Код за изгубен артикул | Източник на класификационната схема | Код за повреда | Коз за рестрикции | Код за отдаване | Артикулен № | Име на библиотеката - собственик | Име на библиотеката, в която се намира в момента | Статус (Текущо местоположение) | Дата на вписване в системата | Местоположение - отдел | Цена в лева | Инвентарен номер | Систематично азбучна сигнатура | Баркод | Цена в евро | Служебен тип на артикула |
|---|---|---|---|---|---|---|---|---|---|---|---|---|---|---|---|---|---|
| Не е изгубен | Universal Decimal Classification | Не е повреден | без рестрикции | ползва се в читалня | 682008 | Регионална библиотека "Любен Каравелов" Русе | Регионална библиотека "Любен Каравелов" Русе | Хранилище | 2018-11-13 | Хранилище | 14.50 | 120000824634 | Цб 291132 | 120000824634 | 7.41 | Книги |